00852nam a2200241 a 450000100100000000500170001000800410002702000150006804000250008308200190010810000280012724500340015526000360018930000210022549000270024649000270027360000570030065100480035783000340040591000370043995201170047699900170059300004312220201002040644.0140220s1991 ag 000 0 spa d a9507421181 aDO-SdBNPbspacBNPHU a982.064bM829c1 aMorandini, Norma97066410aCatamarca /cNorma Morandini. aBuenas Aires :bPlaneta,c1991. a157 p. ;c23 cm.1 aEspejo de la Argentina1 aEspejo de la Argentina14aMORALES, MARIA SOLEDADd1973?-1990xASESINATO970665 4aCatamarca (Agentina{Rpara}xHistoria970666 0aEspejo de la Argentina969662 aValidado. Control de calidad MFF 001050718MOaGRbGRcHDd2014-02-20iLF1l0o982.064 M829cp43122-10r2020-06-25w2020-06-25y1ZNo se presta c42611d42611